| 000 | 01218nam0a2200277 4500 | ||
|---|---|---|---|
| 001 | RU\NLR\BIBL_A\010476571 | ||
| 005 | 20260628151619.0 | ||
| 035 | _a(NLR Aleph) 010476571 | ||
| 090 |
_a13739499 _c13739499 |
||
| 100 | _a20141002d1975 uu y0rusy50 ca | ||
| 101 | 0 | _aaze | |
| 102 | _aAZ | ||
| 105 | _ay|||||||||||| | ||
| 200 | 1 |
_aБөjүк сәjjаһ, ҹоғрафияшүнас һаҹы Зейналабдин Ширвани _fНурәддин Кәрәмов, ҹоғрафиjа елм. док., проф. _gАзәрб. ССР ''Билик'' ҹәм-ти |
|
| 210 |
_aБакы _cЕлм _d1975 |
||
| 215 |
_a45 c. _d20 |
||
| 333 | _aМүһазирәчиjә көмәк | ||
| 541 | 1 |
_6z01790 _aВеличайший путешественник, географ Гаджи Зейналабдин Ширвани _zrus |
|
| 686 | 1 | _aД8 г(2А) | |
| 700 | 1 |
_aКәрәмов _bР. К. _gНурәддин Кәрәм оғлу _4070 |
|
| 702 | 1 |
_aШирвани _bГ. З. _f1780-1838 _gГаджи Зейналабдин _4570 |
|
| 790 | 1 |
_6z01541 _aКеремов _bН. К. _gНуреддин Керем оглы _4070 |
|
| 852 |
_aNLR _bОНЛ _jАзерб./2-17432 |
||
| 942 | _cBOOK | ||
| 980 | _aNB | ||